Entre la discriminación y el olvido (Record no. 126465)

MARC details
000 -CABECERA
campo de control de longitud fija 00591nab a2200193 a 4500
005 - FECHA Y HORA DE LA ÚLTIMA TRANSACCIÓN
campo de control 20210219155905.0
008 - ELEMENTOS DE LONGITUD FIJA--INFORMACIÓN GENERAL
campo de control de longitud fija 991125s1985 mx 000 0 spa u
035 ## - NÚMERO DE CONTROL DEL SISTEMA
Número de control de sistema UPN01000154348
100 1# - ASIENTO PRINCIPAL--NOMBRE PERSONAL
Nombre de persona Pérez García, Juan Martín
222 ## - TÍTULO CLAVE
Título clave DFENSOR : ORGANO OFICIAL DE DIFUSION DE LA COMISION DE DERECHOS HUMANOS DEL DISTRITO FEDERAL
245 ## - MENCIÓN DE TÍTULO
Título Entre la discriminación y el olvido
260 ## - PUBLICACIÓN, DISTRIBUCIÓN, ETC.
Lugar de publicación, distribución, etc. México
300 ## - DESCRIPCIÓN FÍSICA
Extensión 21-25
362 0# - FECHAS DE PUBLICACIÓN Y/O DESIGNACIÓN SECUENCIAL
Fecha de publicación y/o designación secuencial 2007 Año 5, no. 9, sept.
653 0# - TERMINO DE INDIZACION - NO CONTROLADO
Término no controlado DROGADICTOS
653 0# - TERMINO DE INDIZACION - NO CONTROLADO
Término no controlado DISCRIMINACION SOCIAL
653 0# - TERMINO DE INDIZACION - NO CONTROLADO
Término no controlado JOVENES CALLEJEROS
905 ## - TIPO DE MATERIAL
Tipo de material Articulo

No items available.